| 000 | 01331nam a2200253Ia 4500 | ||
|---|---|---|---|
| 999 |
_c56683 _d56683 |
||
| 001 | 23805 | ||
| 003 | GE_BSU | ||
| 005 | 20191031120556.0 | ||
| 008 | 181216s2018||||ge |||||||||||||| ||geo|| | ||
| 020 | _a9789941473661 | ||
| 040 | _cGE_BSU | ||
| 041 | _ageo | ||
| 080 | _a811.353=341.1+81'246.2 მ-58 | ||
| 100 |
_aმესხი, ანა. _96 |
||
| 245 |
_aწარსულის ქართველური ლინგვოკულტუროლოგია (რჩეული სტატიები) / _cანა მესხი ; დავით მესხი ; რედ : გიორგი გრიგოლაშვილი . |
||
| 264 |
_aთბილისი : _bმწიგნობარი, _c2018. |
||
| 300 |
_a537გვ .: _c23 სმ. |
||
| 501 | _aელექტრონული წყაროებიგვ:537-538; ეტიმოლოგიური ცხრ.გვ:539-544; საძ.გვ:551-556. | ||
| 653 | _aქართველური ენები | ||
| 700 |
_aმესხი, დავით _95168 |
||
| 700 |
_aგრიგოლაშვილი, გიორგი _eრედაქტორი _95169 |
||
| 710 |
_eქართველური ცივილიზაციის ცენტრი (ქცკც) _95170 |
||
| 942 |
_cBK _2udc |
||